[Event "Rubinstein Memorial-C 55th"]
[Site "Polanica Zdroj"]
[Date "2019.08.25"]
[Round "9"]
[White "Ciesielski, Maciej"]
[Black "Karleszko, Karolina"]
[Result "1/2-1/2"]
[WhiteElo "1486"]
[BlackElo "1596"]
[PlyCount "89"]
[EventDate "2019.08.17"]
[EventType "swiss"]
[EventRounds "9"]
[EventCountry "POL"]
[SourceTitle "EXT 2020"]
[Source "ChessBase"]
[SourceDate "2019.10.17"]
[SourceVersion "1"]
[SourceVersionDate "2019.10.17"]
[SourceQuality "1"]

1. e4 c5 2. f4 e6 3. Nf3 Nc6 4. Nc3 a6 5. d3 d5 6. e5 Be7 7. Be2 b5 8. 0-0 Nh6 9. d4 Nf5 10. dxc5 Bxc5+ 11. Kh1 Qc7 12. Bd3 Nfe7 13. Qe1 Bb7 14. a3 b4 15. Na4 Nd4 16. Nxd4 Bxd4 17. axb4 Qc6 18. c3 Ba7 19. Qe2 0-0 20. b5 axb5 21. Bxb5 Qc7 22. b4 Nf5 23. Bd3 d4 24. Bxf5 exf5 25. c4 d3 26. Qxd3 Rfd8 27. Qe2 Be4 28. c5 Bd3 29. Qf3 Bxf1 30. Qxf1 Rab8 31. Ba3 Rd4 32. Nc3 Qb7 33. b5 Rbd8 34. b6 Bb8 35. Nb5 Rd2 36. Bb4 Rb2 37. Ba5 Rd5 38. Rc1 Qc6 39. Na7 Bxa7 40. bxa7 Rd7 41. Bb6 Re7 42. Ra1 Re8 43. Rd1 Kf8 44. Rb1 Ra2 45. Ra1 1/2-1/2

[Event "POL-chT U19 1st League"]
[Site "Maslow Pierwszy"]
[Date "2014.07.26"]
[Round "2"]
[White "Rykala, Monika"]
[Black "Karleszko, Karolina"]
[Result "1-0"]
[WhiteElo "1865"]
[BlackElo "1692"]
[PlyCount "121"]
[EventDate "2014.07.25"]
[EventType "team-tourn"]
[EventRounds "9"]
[EventCountry "POL"]
[SourceTitle "EXT 2015"]
[Source "ChessBase"]
[SourceDate "2014.11.20"]
[SourceVersion "1"]
[SourceVersionDate "2014.11.20"]
[SourceQuality "1"]
[WhiteTeam "Zary ZKSz U19"]
[BlackTeam "Opole Rodlo U19"]
[WhiteTeamCountry "POL"]
[BlackTeamCountry "POL"]

1. f4 d5 2. Nf3 Bg4 3. e3 c5 4. d4 Nc6 5. c3 Nf6 6. Bd3 e6 7. 0-0 Be7 8. Nbd2 0-0 9. Qe1 Rb8 10. Ne5 Qc7 11. Ndf3 b5 12. Nh4 b4 13. h3 Bh5 14. g4 Bg6 15. Nhxg6 hxg6 16. g5 Nxe5 17. dxe5 Ne4 18. c4 f5 19. gxf6 gxf6 20. cxd5 exd5 21. Bxe4 dxe4 22. Qg3 Rf7 23. Kh1 Rg7 24. b3 f5 25. Bb2 Rf8 26. Rad1 g5 27. Rg1 c4 28. bxc4 Qxc4 29. Rd7 Qe6 30. Rxa7 g4 31. Rc7 Rff7 32. Rc2 Rg6 33. Rh2 Rfg7 34. h4 Rh7 35. Qe1 Qxa2 36. Bd4 Qe6 37. Qa1 Kf7 38. Qa7 Rgh6 39. Bc5 b3 40. Qb7 Rxh4 41. Rxh4 Rxh4+ 42. Kg2 g3 43. Bxe7 Qxe7 44. Qxb3+ Kf8 45. Qb8+ Kf7 46. Kf1 Rg4 47. Qc8 Kg6 48. Qg8+ Kh5 49. Qh8+ Kg6 50. Qc8 Qf7 51. Qa6+ Kg7 52. Kg2 Rg6 53. Qe2 Rg4 54. Rh1 Qg6 55. Rh3 Kf7 56. Qc4+ Kg7 57. Qc7+ Kg8 58. Qd8+ Kf7 59. Rh8 Qe6 60. Qf8+ Kg6 61. Rh6# 1-0

[Event "POL Olympiad U14"]
[Site "Walbrzych"]
[Date "2013.??.??"]
[Round "4.10"]
[White "Karleszko, Karolina"]
[Black "Najuch, Natalia"]
[Result "0-1"]
[WhiteElo "1622"]
[BlackElo "1312"]
[PlyCount "86"]
[EventDate "2013.04.??"]
[EventType "team-swiss"]
[EventRounds "9"]
[EventCountry "POL"]
[SourceTitle "EXT 2014"]
[Source "ChessBase"]
[SourceDate "2013.11.20"]
[SourceVersion "1"]
[SourceVersionDate "2013.11.20"]
[SourceQuality "1"]

1. d4 d5 2. c4 e6 3. cxd5 exd5 4. Nc3 Nf6 5. Qc2 Be7 6. Bf4 c6 7. e3 0-0 8. Bd3 h6 9. Nge2 b6 10. 0-0 Be6 11. Ng3 Bd6 12. Nce2 Re8 13. Rac1 Bxf4 14. Nxf4 Qc8 15. e4 dxe4 16. Nxe4 Qd8 17. Nxe6 Rxe6 18. Rfd1 Qe8 19. Nxf6+ Rxf6 20. Re1 Qd8 21. Be4 Na6 22. Qa4 Nc7 23. Bxc6 Rb8 24. Qxa7 Ne6 25. d5 Nc7 26. Rcd1 Rd6 27. Re3 Rxc6 28. Rde1 Ra8 29. Qxa8 Qxa8 30. dxc6 Qxc6 31. Rc3 Qd6 32. h3 Ne6 33. Rec1 Qd5 34. Rc8+ Kh7 35. R1c6 Nf4 36. f3 Qd4+ 37. Kh2 Qf2 38. Rc2 Ne2 39. Rxe2 Qxe2 40. b4 Qxa2 41. Rc6 Qa6 42. Rc7 Qb5 43. Rxf7 Qxb4 0-1

[Event "Polanica Zdroj op-D 48th"]
[Site "Polanica Zdroj"]
[Date "2012.08.25"]
[Round "8"]
[White "Karleszko, Karolina"]
[Black "Mikolajczyk, Andrzej"]
[Result "0-1"]
[WhiteElo "1600"]
[BlackElo "1778"]
[PlyCount "134"]
[EventDate "2012.08.18"]
[EventType "swiss"]
[EventRounds "9"]
[EventCountry "POL"]
[SourceTitle "EXT 2014"]
[Source "ChessBase"]
[SourceDate "2013.11.20"]
[SourceVersion "1"]
[SourceVersionDate "2013.11.20"]
[SourceQuality "1"]

1. d4 Nf6 2. c4 e6 3. Nc3 d5 4. Bg5 Be7 5. cxd5 exd5 6. e3 c6 7. Qc2 h6 8. Bh4 Be6 9. Bd3 Nbd7 10. Nge2 0-0 11. 0-0 Rc8 12. f3 c5 13. Qd2 b6 14. Rae1 Ne4 15. fxe4 Bxh4 16. g3 dxe4 17. Bxe4 cxd4 18. exd4 Bg5 19. Qd3 Bc4 20. Qf3 Nf6 21. Bf5 Rc7 22. Rd1 Nd5 23. Rfe1 Ne3 24. Rb1 Re7 25. h4 Nxf5 26. Qxf5 Be3+ 27. Kh2 Re6 28. Qf3 Rfe8 29. Rbd1 Rf6 30. Nf4 Bxf4 31. Rxe8+ Qxe8 32. gxf4 Qb8 33. Kg3 g5 34. hxg5 hxg5 35. Qg4 Qxf4+ 36. Qxf4 Rxf4 37. d5 Kf8 38. d6 Ke8 39. b3 Be6 40. Nb5 a6 41. Nc7+ Kd7 42. Nxa6 Rg4+ 43. Kf2 Rh4 44. Nb8+ Kd8 45. Nc6+ Ke8 46. Kg2 Re4 47. Rd2 Bd7 48. Nb8 Re5 49. Rf2 f5 50. Rd2 f4 51. Kf2 Kd8 52. Nxd7 Kxd7 53. Kf3 Re3+ 54. Kg4 Rg3+ 55. Kf5 f3 56. Rh2 Kxd6 57. Ke4 g4 58. Ke3 Rg1 59. Rh6+ Kc5 60. Rh5+ Kb4 61. Rh6 b5 62. Rf6 Rg2 63. Rf4+ Ka3 64. Rf5 b4 65. Ra5+ Kb2 66. Rf5 Kxa2 67. Rf4 Kxb3 0-1

[Event "Polanica Zdroj op-D 48th"]
[Site "Polanica Zdroj"]
[Date "2012.08.22"]
[Round "5"]
[White "Karleszko, Karolina"]
[Black "Lewandrowski, Tomasz"]
[Result "0-1"]
[WhiteElo "1600"]
[BlackElo "1788"]
[PlyCount "88"]
[EventDate "2012.08.18"]
[EventType "swiss"]
[EventRounds "9"]
[EventCountry "POL"]
[SourceTitle "EXT 2014"]
[Source "ChessBase"]
[SourceDate "2013.11.20"]
[SourceVersion "1"]
[SourceVersionDate "2013.11.20"]
[SourceQuality "1"]

1. d4 e6 2. c4 f5 3. Nc3 Nf6 4. g3 Be7 5. Bg2 0-0 6. e3 d6 7. Nh3 c6 8. 0-0 e5 9. b4 a6 10. Qb3 Kh8 11. Rd1 Qe8 12. Bb2 f4 13. dxe5 dxe5 14. exf4 Bxh3 15. Bxh3 Qh5 16. Bg2 exf4 17. Ne4 Nbd7 18. Qc3 Rf7 19. Nd6 Bxd6 20. Rxd6 Ng4 21. h3 fxg3 22. Qxg3 Nh6 23. Qd3 Nf6 24. Rd8+ Rxd8 25. Qxd8+ Nfg8 26. Re1 Qf5 27. Qd4 Rd7 28. Qc3 Qh5 29. Qg3 Nf5 30. Qg4 Qf7 31. c5 h5 32. Qf4 Ngh6 33. a3 Qb3 34. Bc1 Rf7 35. Qb8+ Ng8 36. Qe8 Nd4 37. Qe5 Nf3+ 38. Bxf3 Qxf3 39. Qg3 Qd5 40. Kh2 Rf3 41. Qg2 Qf5 42. Be3 Kh7 43. Rg1 g6 44. Qg5 Qxh3# 0-1

[Event "POL-chT U19 2nd League"]
[Site "Borowice"]
[Date "2012.07.27"]
[Round "9"]
[White "Karleszko, Karolina"]
[Black "Strozyk, Aleksandra"]
[Result "1/2-1/2"]
[WhiteElo "1605"]
[BlackElo "1371"]
[PlyCount "126"]
[EventDate "2012.07.21"]
[EventType "team-swiss"]
[EventRounds "11"]
[EventCountry "POL"]
[SourceTitle "EXT 2014"]
[Source "ChessBase"]
[SourceDate "2013.11.20"]
[SourceVersion "1"]
[SourceVersionDate "2013.11.20"]
[SourceQuality "1"]
[WhiteTeam "Opole Rodlo U19"]
[BlackTeam "Poznan UMKS Na Pieterku U19"]
[WhiteTeamCountry "POL"]
[BlackTeamCountry "POL"]

1. d4 d5 2. c4 c6 3. Nc3 e6 4. cxd5 exd5 5. Nf3 Bf5 6. Bf4 Nf6 7. e3 Nbd7 8. Bd3 Bxd3 9. Qxd3 Be7 10. 0-0 0-0 11. h3 Re8 12. Kh1 Bf8 13. Ne5 Bd6 14. Nxf7 Kxf7 15. Bxd6 Re6 16. Bh2 Qe7 17. Rae1 Re8 18. Qf5 g6 19. Qf3 Kg8 20. Rc1 Rf8 21. Qd1 Ne4 22. Nxe4 Rxe4 23. Qa4 Nb6 24. Qxa7 Nc4 25. Bg3 h5 26. b3 Nd2 27. Rfd1 Nf3 28. gxf3 Rxf3 29. Kg2 Qf7 30. Qb8+ Kh7 31. Bf4 g5 32. Kxf3 h4 33. Qc7 Rxf4+ 34. Qxf4 gxf4 35. exf4 Qh5+ 36. Ke3 Qe8+ 37. Kd3 Qe4+ 38. Kc3 Qxf4 39. Rc2 Qf3+ 40. Rd3 Qh1 41. Re3 Qa1+ 42. Kd3 Qd1+ 43. Rd2 Qf1+ 44. Ree2 Qxh3+ 45. Kc2 Qf5+ 46. Kb2 Qf6 47. Re5 Kh6 48. Rde2 Qf4 49. Kc3 Qc1+ 50. Kb4 h3 51. Re6+ Kg5 52. R2e5+ Kg4 53. Rg6+ Kf4 54. Rf6+ Kg4 55. Rg6+ Kh4 56. Re3 Kh5 57. Rgg3 Qd2+ 58. Kc5 Qa5+ 59. Kd6 Qd8+ 60. Ke6 Qe8+ 61. Kd6 Qd8+ 62. Kc5 Qa5+ 63. Kd6 Qd8+ 1/2-1/2

[Event "POL-chT U19 2nd League"]
[Site "Borowice"]
[Date "2012.07.25"]
[Round "6"]
[White "Kopacka, Natalia"]
[Black "Karleszko, Karolina"]
[Result "0-1"]
[WhiteElo "1315"]
[BlackElo "1605"]
[PlyCount "118"]
[EventDate "2012.07.21"]
[EventType "team-swiss"]
[EventRounds "11"]
[EventCountry "POL"]
[SourceTitle "EXT 2014"]
[Source "ChessBase"]
[SourceDate "2013.11.20"]
[SourceVersion "1"]
[SourceVersionDate "2013.11.20"]
[SourceQuality "1"]
[WhiteTeam "Ostrow Wielkopolski U19"]
[BlackTeam "Opole Rodlo U19"]
[WhiteTeamCountry "POL"]
[BlackTeamCountry "POL"]

1. e4 c5 2. Nf3 e6 3. d4 cxd4 4. Nxd4 a6 5. Nc3 Qc7 6. Be3 Bb4 7. Qd2 Nf6 8. f3 b5 9. 0-0-0 0-0 10. g4 Bb7 11. Bd3 d5 12. h3 dxe4 13. fxe4 Nxe4 14. Bxe4 Bxe4 15. Rhg1 Nc6 16. a3 Nxd4 17. Bxd4 Bxc3 18. Qxc3 Qxc3 19. Bxc3 Rac8 20. Rd4 Bd5 21. h4 Rc6 22. Bb4 Rfc8 23. c3 Ra8 24. Ba5 Rac8 25. g5 Rc4 26. Rgg4 e5 27. Rxc4 Rxc4 28. Rg3 e4 29. Bb4 Rc8 30. h5 Re8 31. Bc5 Bc4 32. h6 Re6 33. Be3 Rg6 34. hxg7 Kxg7 35. Rg4 Bd3 36. Bd4+ Kg8 37. Be3 h6 38. Rg1 hxg5 39. Rxg5 Rxg5 40. Bxg5 Kg7 41. Kd2 Kg6 42. Bf4 Kf5 43. Ke3 Kg4 44. Bh6 Kg3 45. Bf4+ Kg2 46. Be5 Kf1 47. Bg3 f5 48. Bf4 Ke1 49. b4 Kd1 50. Be5 Kc2 51. Bd4 Kb3 52. Kf4 Kxa3 53. Kxf5 e3+ 54. Kf4 e2 55. Bf2 Kb2 56. Be1 Kc2 57. Kf3 Kd1 58. Kf2 Bc4 59. Bd2 Kxd2 0-1

[Event "Solina Mind Sports U14 Girls op "]
[Site "Solina"]
[Date "2012.04.21"]
[Round "9"]
[White "Karleszko, Karolina"]
[Black "Olechnicka, Karolina"]
[Result "1-0"]
[WhiteElo "1589"]
[BlackElo "1514"]
[PlyCount "77"]
[EventDate "2012.04.15"]
[EventType "swiss"]
[EventRounds "9"]
[EventCountry "POL"]
[SourceTitle "EXT 2014"]
[Source "ChessBase"]
[SourceDate "2013.11.20"]
[SourceVersion "1"]
[SourceVersionDate "2013.11.20"]
[SourceQuality "1"]

1. d4 Nf6 2. c4 g6 3. Nc3 d5 4. Qb3 dxc4 5. Qxc4 Be6 6. Qd3 Nc6 7. Nf3 Bg7 8. e4 0-0 9. Be3 Nd7 10. Qd2 Bg4 11. Be2 Bxf3 12. gxf3 e6 13. h4 Nb6 14. 0-0-0 Qe7 15. e5 Rad8 16. f4 Nxd4 17. Bxd4 c5 18. Bxc5 Qxc5 19. Qe3 Qc7 20. Kb1 a6 21. h5 Rxd1+ 22. Rxd1 Rd8 23. Rd3 Bh6 24. hxg6 fxg6 25. Qh3 Kg7 26. Qxe6 Rf8 27. Rd6 Bxf4 28. Rxb6 Rf7 29. Bc4 Rf5 30. Qg8+ Kh6 31. Rb3 Qxe5 32. a3 Qe1+ 33. Ka2 Be5 34. Nd5 Rh5 35. Qf7 Rh1 36. Rxb7 Qb1+ 37. Kb3 g5 38. Rb6+ Qg6 39. Rxg6+ 1-0

[Event "Solina Mind Sports U14 Girls op "]
[Site "Solina"]
[Date "2012.04.20"]
[Round "8"]
[White "Pluta, Natalia"]
[Black "Karleszko, Karolina"]
[Result "0-1"]
[WhiteElo "1333"]
[BlackElo "1589"]
[PlyCount "166"]
[EventDate "2012.04.15"]
[EventType "swiss"]
[EventRounds "9"]
[EventCountry "POL"]
[SourceTitle "EXT 2014"]
[Source "ChessBase"]
[SourceDate "2013.11.20"]
[SourceVersion "1"]
[SourceVersionDate "2013.11.20"]
[SourceQuality "1"]

1. c4 c6 2. d4 d5 3. cxd5 cxd5 4. Nc3 e6 5. Bf4 Nf6 6. e3 Be7 7. Nf3 0-0 8. Bd3 Nc6 9. Rc1 a6 10. 0-0 Bd6 11. Ne5 Qc7 12. Ne2 Bd7 13. Qc2 h6 14. Ng3 Rac8 15. Rfe1 Qb8 16. Qb1 Nxe5 17. Bxe5 Bxe5 18. dxe5 Qxe5 19. h3 Qb8 20. Ne2 Rfd8 21. Nd4 e5 22. Nb3 b5 23. Red1 Qb6 24. Be2 Be6 25. Rxc8 Rxc8 26. Qd3 Nd7 27. Rc1 Nc5 28. Nxc5 Rxc5 29. Rd1 Qc6 30. Rd2 Qc7 31. Bd1 Rc1 32. Rc2 Rxc2 33. Bxc2 g6 34. Bb3 Qc5 35. Qd2 Kg7 36. Kf1 d4 37. Bxe6 fxe6 38. e4 Qc4+ 39. Ke1 Qxa2 40. Qb4 Kf7 41. f3 Qb1+ 42. Kf2 Qc2+ 43. Kg3 Qc6 44. Qd2 Kg7 45. Qd3 Qc4 46. Qa3 Qc7 47. Qb3 Qd7 48. Qd3 a5 49. Kf2 a4 50. Ke2 b4 51. Kd2 b3 52. Qc4 Kf6 53. Kd3 Qa7 54. g3 Qd7 55. Qb4 Kf7 56. Qc4 Qa7 57. f4 exf4 58. gxf4 Kf6 59. Kd2 Qd7 60. Kd3 e5 61. Qa6+ Kg7 62. fxe5 Qxh3+ 63. Kxd4 Qd7+ 64. Qd6 Qa7+ 65. Kc4 Qb7 66. Kd4 Qc8 67. Qf6+ Kh7 68. Qf7+ Kh8 69. Qf6+ Kh7 70. Qf7+ Kh8 71. e6 Qg8 72. Qf6+ Qg7 73. e5 Qxf6 74. exf6 Kg8 75. Kd5 a3 76. Kd6 axb2 77. Ke7 b1Q 78. f7+ Kh7 79. f8Q Qd1 80. Qf7+ Kh8 81. Kf8 Qd8+ 82. Qe8 Qxe8+ 83. Kxe8 b2 0-1

[Event "Solina Mind Sports U14 Girls op "]
[Site "Solina"]
[Date "2012.04.15"]
[Round "1"]
[White "Karleszko, Karolina"]
[Black "Godek, Martyna"]
[Result "1-0"]
[WhiteElo "1589"]
[BlackElo "1373"]
[PlyCount "119"]
[EventDate "2012.04.15"]
[EventType "swiss"]
[EventRounds "9"]
[EventCountry "POL"]
[SourceTitle "EXT 2014"]
[Source "ChessBase"]
[SourceDate "2013.11.20"]
[SourceVersion "1"]
[SourceVersionDate "2013.11.20"]
[SourceQuality "1"]

1. d4 d5 2. c4 Bf5 3. Nc3 e6 4. cxd5 exd5 5. Qb3 b6 6. Qxd5 Qxd5 7. Nxd5 Bd6 8. Bf4 Bxf4 9. Nxf4 Be4 10. f3 Bb7 11. e4 Nd7 12. Rc1 0-0-0 13. Bc4 Nh6 14. Nge2 Nf6 15. 0-0 g5 16. Nd3 g4 17. Kf2 gxf3 18. gxf3 Rhf8 19. Rc2 Ne8 20. Rfc1 a6 21. Nb4 b5 22. Bd5 a5 23. Bxb7+ Kxb7 24. Nc6 Ra8 25. Ne7 f5 26. e5 Rf7 27. Nd5 Rd7 28. Ndc3 Ka6 29. Nxb5 Kxb5 30. Rc5+ Ka6 31. Rc6+ Ka7 32. Rxh6 Rb8 33. b3 Rb6 34. Rhc6 Kb7 35. R6c5 Ka6 36. Ke3 Rb5 37. Nf4 Re7 38. Rc6+ Kb7 39. Kd3 Rd7 40. Ke3 Ng7 41. Ne6 Nxe6 42. Rxe6 Rbd5 43. Rc4 Rf7 44. Rec6 Kb8 45. R4c5 Rxc5 46. Rxc5 Kc8 47. Rxa5 Kd7 48. Rc5 Re7 49. a4 Re6 50. b4 Ra6 51. a5 c6 52. Kf4 Ke6 53. Kg5 Ra7 54. Rxc6+ Kd5 55. Rd6+ Kc4 56. Kxf5 Kxb4 57. e6 Rxa5+ 58. Kf6 Ra7 59. Rd7 Rxd7 60. exd7 1-0

[Event "Gora Sw Anny op 5th"]
[Site "Gora Sw Anny"]
[Date "2012.01.14"]
[Round "4"]
[White "Cukrowski, Filip"]
[Black "Karleszko, Karolina"]
[Result "1-0"]
[WhiteElo "2109"]
[BlackElo "1586"]
[PlyCount "65"]
[EventDate "2012.01.11"]
[EventType "swiss"]
[EventRounds "9"]
[EventCountry "POL"]
[SourceTitle "CBM 146 Extra"]
[Source "ChessBase"]
[SourceDate "2012.02.29"]
[SourceVersion "1"]
[SourceVersionDate "2012.02.29"]
[SourceQuality "1"]

1. e4 c5 2. Nf3 e6 3. d4 cxd4 4. Nxd4 a6 5. Bd3 Qc7 6. c4 Nc6 7. Nxc6 dxc6 8. Nc3 e5 9. Be3 Nf6 10. h3 Bb4 11. Qb3 Bxc3+ 12. Qxc3 Be6 13. 0-0 0-0 14. f4 exf4 15. Bxf4 Qb6+ 16. c5 Qd8 17. Bd6 Re8 18. Be5 Rc8 19. Rad1 Qe7 20. Rxf6 Bg4 21. hxg4 Qxe5 22. Qxe5 Rxe5 23. Rf5 Ree8 24. Bc4 Kh8 25. Rxf7 Rcd8 26. Rxd8 Rxd8 27. e5 Re8 28. e6 h6 29. e7 Kh7 30. Bd3+ Kg8 31. Rf8+ Rxf8 32. Bc4+ Kh7 33. exf8Q 1-0

[Event "Polanica Zdroj op-D 47th"]
[Site "Polanica Zdroj"]
[Date "2011.08.28"]
[Round "9"]
[White "Bartoszewski, Bartosz"]
[Black "Karleszko, Karolina"]
[Result "1/2-1/2"]
[WhiteElo "1498"]
[BlackElo "1600"]
[PlyCount "69"]
[EventDate "2011.08.20"]
[EventType "swiss"]
[EventRounds "9"]
[EventCountry "POL"]
[SourceTitle "EXT 2014"]
[Source "ChessBase"]
[SourceDate "2013.11.20"]
[SourceVersion "1"]
[SourceVersionDate "2013.11.20"]
[SourceQuality "1"]

1. e4 c5 2. Nf3 e6 3. d4 cxd4 4. Nxd4 a6 5. Nc3 Qc7 6. a3 b5 7. Be3 Bb7 8. Be2 Nf6 9. Qd3 Bc5 10. Nb3 Bb6 11. 0-0 0-0 12. Kh1 d6 13. f4 Nbd7 14. Rad1 Bxe3 15. Qxe3 Rac8 16. Rd2 Nc5 17. Nxc5 dxc5 18. Bf3 Rfd8 19. Rfd1 c4 20. e5 Rxd2 21. Rxd2 Bxf3 22. Qxf3 Nd7 23. Qe2 Nc5 24. Rd6 Rd8 25. Rxd8+ Qxd8 26. Qf3 h6 27. Qf2 Na4 28. Nxa4 bxa4 29. g3 Qd1+ 30. Kg2 Qd5+ 31. Qf3 Qd2+ 32. Qf2 Qc1 33. c3 Qd1 34. Qf3 Qd2+ 35. Qf2 1/2-1/2